Science Quiz

Random Science Quiz
Score 0/16 Timer 10:00
0 Plays Today
Hint Answer % Correct
2Latissimus dorsi
89.4%
16Clavotrapezius
83%
13Clavobrachialis
79.8%
3Spinotrapezius
77.7%
12Acromiodeltoid
77.7%
11Spinodeltoid
76.6%
15Acromiotrapezius
73.4%
17Temporalis
73.4%
Hint Answer % Correct
4Long head of triceps brachii
71.3%
5Lateral head of triceps brachii
71.3%
10Brachioradialis
71.3%
14Levator scapulae ventralis
68.1%
8Extensor carpi ulnaris
67%
6Extensor digitorum communis
63.8%
7Extensor digitorum lateralis
62.8%
9Extensor carpi radialis longus
58.5%

You're not logged in!

Compare scores with friends on all Sporcle quizzes.
OR
Log In

Sporcle TV

Today on Sporcle TV


Watch our educational content, quiz creation guides, and fun videos on Sporcle TV.

Show Comments

Extras

Created Sep 25, 2013ReportNominate
Tags:cat, muscle

Top Quizzes Today


Score Distribution

Paid Content

Your Account Isn't Verified!

In order to create a playlist on Sporcle, you need to verify the email address you used during registration. Go to your Sporcle Settings to finish the process.

Report this User

Report this user for behavior that violates our Community Guidelines.

Details: